La incorporación de la psicología científica a la cultura española (Record no. 13956)

MARC details
000 -LEADER
campo de control de longitud fija 00656nam a2200205 i 4500
001 - NÚMERO DE CONTROL
campo de control 13956
003 - IDENTIFICADOR DE NÚMERO DE CONTROL
campo de control ES-MaACL
005 - FECHA Y HORA DE LA ÚLTIMA TRANSACCIÓN
campo de control 20230906150711.0
007 - CAMPO FIJO DE DESCRIPCIÓN FÍSICA--INFORMACIÓN GENERAL
campo de control de longitud fija t|
008 - DATOS DE LONGITUD FIJA--INFORMACIÓN GENERAL
campo de control de longitud fija 980824s1997 sp ||||1| spa d
020 ## - NÚMERO INTERNACIONAL ESTÁNDAR DEL LIBRO
Número Internacional Estándar del Libro 84-8264-090-9
080 ## - NÚMERO DE LA CLASIFICACIÓN DECIMAL UNIVERSAL
Número de la Clasificación Decimal Universal 016:159.9
080 ## - NÚMERO DE LA CLASIFICACIÓN DECIMAL UNIVERSAL
Número de la Clasificación Decimal Universal 159.9:016
245 03 - MENCIÓN DEL TÍTULO
Título La incorporación de la psicología científica a la cultura española
Resto del título : siete décadas de traducciones (1868-1936) /
Mención de responsabilidad, etc. J. Quintana... [et al.] (editores).
260 ## - PUBLICACIÓN, DISTRIBUCIÓN, ETC.
Lugar de publicación, distribución, etc. Madrid :
Nombre del editor, distribuidor, etc. UAM,
Fecha de publicación, distribución, etc. 1997.
300 ## - DESCRIPCIÓN FÍSICA
Extensión 271 p. :
Otras características físicas il. ;
Dimensiones 24 cm.
650 14 - PUNTO DE ACCESO ADICIONAL DE MATERIA--TÉRMINO DE MATERIA
Término de materia o nombre geográfico como elemento de entrada Psicología-
Subdivisión general Bibliografías.
9 (RLIN) 16541
700 1# - ENTRADA AGREGADA--NOMBRE PERSONAL
Nombre de persona Quintana, Jordi.
9 (RLIN) 169847
852 ## - LOCALIZACIÓN
Ubicación ES-MaACL
Número de control de estantería L-21284
Holdings
Estatus retirado Estado de pérdida Estado de daño No para préstamo Biblioteca de origen Biblioteca actual Ubicación en estantería Fecha de adquisición Fuente de adquisición Total de préstamos Signatura topográfica completa Código de barras Visto por última vez Precio de reemplazo Tipo de ítem Koha
        Biblioteca del Ateneo de Madrid Biblioteca del Ateneo de Madrid Depósito 2 17/01/2008     L-21284 1014200 23/02/2023 23/02/2023 Libro impreso